000 00511nam a2200169Ia 4500
999 _c20458
_d20458
003 OSt
005 20200602140147.0
008 190216s9999||||xx |||||||||||||| ||und||
040 _coclc
082 _a330.954035
_bDES/E
100 _aDesai, S S M
_92489
245 0 _aEconomic History Of India /
_cS S M Desai ; Nirmal Bhalerao
250 _a3rd Ed.
260 _bHimalaya Publishing House,
_c1994.
_aBombay:
300 _a372p
942 _cBK
_2ddc
_h330.954035
_iDES/E
_k330.954035
_mDES/E